La revolución pedagógica en Nueva España (Record no. 64979)
[ view plain ]
| 000 -LEADER | |
|---|---|
| campo de control de longitud fija | 00588nam a2200169 i 4500 |
| 001 - NÚMERO DE CONTROL | |
| campo de control | 64979 |
| 003 - IDENTIFICADOR DE NÚMERO DE CONTROL | |
| campo de control | ES-MaACL |
| 007 - CAMPO FIJO DE DESCRIPCIÓN FÍSICA--INFORMACIÓN GENERAL | |
| campo de control de longitud fija | t| |
| 008 - DATOS DE LONGITUD FIJA--INFORMACIÓN GENERAL | |
| campo de control de longitud fija | 040107s1981 sp ||||1| spa d |
| 020 ## - NÚMERO INTERNACIONAL ESTÁNDAR DEL LIBRO | |
| Número Internacional Estándar del Libro | 84-600-2406-7 |
| 100 1# - ENTRADA PRINCIPAL--NOMBRE DE PERSONA | |
| Nombre de persona | Foz y Foz, Pilar. |
| 9 (RLIN) | 52046 |
| 245 13 - MENCIÓN DEL TÍTULO | |
| Título | La revolución pedagógica en Nueva España |
| Resto del título | : 1754-1820 : (María Ignacia de Azlor y Echeverz y los colegios de la enseñanza) / |
| Mención de responsabilidad, etc. | Pilar Foz y Foz. |
| 260 ## - PUBLICACIÓN, DISTRIBUCIÓN, ETC. | |
| Lugar de publicación, distribución, etc. | Madrid : |
| Nombre del editor, distribuidor, etc. | Instituto Gonzalo Fernández de Oviedo, |
| Fecha de publicación, distribución, etc. | 1981. |
| 300 ## - DESCRIPCIÓN FÍSICA | |
| Extensión | 2 v. |
| 500 ## - NOTA GENERAL | |
| Nota general | El v. 2: Apéndice documental. |
| 852 ## - LOCALIZACIÓN | |
| Ubicación | ES-MaACL |
| Número de control de estantería | L-8685-6 |
| Sublocalización o colección | R.109320 |
| Estatus retirado | Estado de pérdida | Estado de daño | No para préstamo | Biblioteca de origen | Biblioteca actual | Ubicación en estantería | Fecha de adquisición | Fuente de adquisición | Total de préstamos | Signatura topográfica completa | Código de barras | Visto por última vez | Precio de reemplazo | Tipo de ítem Koha |
|---|---|---|---|---|---|---|---|---|---|---|---|---|---|---|
| Biblioteca del Ateneo de Madrid | Biblioteca del Ateneo de Madrid | Depósito 2 | 17/01/2008 | L-8685-6 | 1068082 | 23/02/2023 | 23/02/2023 | Libro impreso |
